LEADER 01558nam 2200361Ka 450 001 9910697780103321 005 20081028154617.0 035 $a(CKB)5470000002391169 035 $a(OCoLC)263962179 035 $a(EXLCZ)995470000002391169 100 $a20081028d2000 ua 0 101 0 $aeng 181 $ctxt$2rdacontent 182 $cc$2rdamedia 183 $acr$2rdacarrier 200 10$aSimulations of flooding on Tchoutacabouffa River at State Highways 15 and 67 at D'Iberville, Mississippi$b[electronic resource] /$fby Karl E. Winters ; prepared in cooperation with the Mississippi Department of Transportation 210 1$aPearl, Miss. :$cU.S. Dept. of the Interior, U.S. Geological Survey,$d2000. 215 $aiv, 29 pages $cdigital, PDF file 225 1 $aWater-resources investigations report ;$v01-4007 300 $aTitle from title screen (viewed Oct. 24, 2008). 606 $aRoads$xDesign and construction$xEnvironmental aspects$zMississippi$zD'Iberville Region 606 $aFloods$zMississippi$zTchoutacabouffa River$xMathematical models 615 0$aRoads$xDesign and construction$xEnvironmental aspects 615 0$aFloods$xMathematical models. 700 $aWinters$b Karl E$01393228 712 02$aMississippi.$bDepartment of Transportation. 712 02$aGeological Survey (U.S.) 801 0$bGPO 801 1$bGPO 906 $aBOOK 912 $a9910697780103321 996 $aSimulations of flooding on Tchoutacabouffa River at State Highways 15 and 67 at D'Iberville, Mississippi$93533384 997 $aUNINA